Statistics for Religion by Letter - Q, U, X, Y, and Z

Click here to take the quiz!

General Stats

  • This quiz has been taken 88 times
  • The average score is 15 of 22

Answer Stats

LetterHintAnswer% Correct
QCentral religious text of IslamQuran
100%
ZKing of the Greek godsZeus
99%
YThe opposite of "Yang" in Chinese philosophyYin
97%
YGroup of Hindu spiritual practices that includes stretching exercisesYoga
90%
UWhat Hades, Osiris, Pluto and Yama are the gods ofUnderworld
88%
QChristian denomination also known as "Friends"Quakers
86%
ZSchool of Buddhism popular in JapanZen
85%
YWintertime holiday of Germanic pagansYule
84%
ZThe Holy Land – synonymous with JerusalemZion
84%
UPope who launched the First CrusadeUrban II
77%
YJudaism's day of atonementYom Kippur
74%
ZPersian prophet who founded history's first monotheist religionZoroaster
70%
YIslamic version of the Biblical character JosephYūsuf
62%
XSpanish Jesuit missionary who led an extensive mission in IndiaFrancis Xavier
59%
UWhat Dalit people are characterized as in the Indian caste systemUntouchable
59%
YPresident of the Mormon church who led the Mormons westBrigham Young
58%
ZMesopotamian pyramid with steps built for local religionsZiggurat
58%
QFeathered serpent god of MesoamericaQuetzalcoatl
44%
XAncient galactic overlord in the beliefs of ScientologyXenu
27%
UNew religious movement whose followers are called "Moonies"{Unification} Church
26%
XTaoist term for an enlightened personXian
25%
QDirection towards which the Muslims prayQibla
22%

Score Distribution

Percentile by Number Answered

Percent of People with Each Score

Your Score History

You have not taken this quiz